000 01155nam a22002411a 4500
001 18477
003 OSt
005 20260204212407.0
008 180118s2017||||dr ||||||b||||||||||spa||
090 _aEDU-MF 2017 P35
100 1 _aPeña Torres,Luz Del Alba
_esustentante
245 1 _aCompetencias docentes en el área de matemática del nivel medio, Distrito Educativo 16-03 De Cevicos/Luz Del Alba Peña Torres, Danilsa Mercedes Adames, Rosa Altagracia Amparo Pérez. ; asesor Wilson Lucilo Heredia Amparo
260 _aCotuí, República Dominicana :
_bUTECO,
_c2017
300 _a105 hojas :
_bIlustraciones ;
_c28cm.
502 _aTrabajo de grado (Educación mención Matemática y Física)--Universidad Tecnológica del Cibao Oriental, 2017
504 _aIncluye referencia bibliográfica e índice
650 4 _aCompetencias docentes en el área de matemática
700 1 _aMercedes Adames, Danilsa
_esustentante
700 1 _a Amparo Pérez, Rosa Altagracia
_esustentante
700 1 _a Wilson Lucilo Heredia Amparo
_easesor
830 _aTesis y disertaciones académicas (Universidad Tecnológica del Cibao Oriental)
942 _2LC
_cTH
999 _c18477
_d18477